La navigazione nel mondo antico
Gespeichert in:
| 1. Verfasser: | |
|---|---|
| Format: | Buch |
| Sprache: | Italienisch |
| Veröffentlicht: |
Milán
Garzanti
1988
|
| Schlagworte: | |
| Tags: |
Tag hinzufügen
Keine Tags, Fügen Sie den ersten Tag hinzu!
|
MARC
| LEADER | 00000nam a2200000 a 4500 | ||
|---|---|---|---|
| 001 | UCY1048 | ||
| 003 | CL-VaPUC | ||
| 008 | 940820e19880000IT |||||||||||||||||ita|d | ||
| 082 | 0 | 4 | |a 913 |b HOC |2 21 |
| 100 | 0 | |a Hockmann, Olaf |e author |9 328923 | |
| 245 | 1 | 3 | |a La navigazione nel mondo antico |
| 300 | |a 297 p | ||
| 942 | |c BK | ||
| 945 | |d 19940820 00:00:00 |a aalvarez | ||
| 260 | |a Milán |b Garzanti |c 1988 | ||
| 650 | 0 | |a Navegación |9 255384 | |
| 650 | 7 | |a HISTORIA NAUTICA |2 CL-VaPUC |9 328924 | |
| 583 | |a last modification |c 19940820 00:00:00 |k Rodrigo Vera | ||
| 999 | |c 229864 |d 229862 | ||
| 952 | |0 0 |1 0 |4 0 |6 913_000000000000000_HOC_1988 |7 0 |8 A |9 231572 |a BIBHIS |b BIBHIS |d 2019-11-15 |i 2945339 |o 913 HOC 1988 |p 2945339 |r 2025-01-20 |w 2019-11-15 |y BK |k HIS | ||